000
00261nam a22001217a 4500
008
170526b xxu||||| |||| 00| 0 eng d
041
_a
eng
080
_a
621.38
100
_a
25
101
_a
IM
245
_a
TRANSISTOR ELECTRONICS
_c
GERRISH
942
_2
udc
_c
BK
999
_c
14342
_d
14342